LEADER 01091cam0 22002893 450 001 SOB008724 005 20230711074907.0 010 $a881323290X 100 $a20040211d2001 |||||ita|0103 ba 101 $aita 102 $aIT 200 1 $aManuale pratico delle notifiche in Italia e all'estero$ela notifica civile, fallimentare, penale, amministrativa, tributaria e internazionale$fSandro Merz ... [et al.] 205 $a3. ed$fhanno collaborato: Loreta Bellinello ... [et al.] 210 $aPadova$cCedam$d2001 215 $aXVII, 693 p.$d24 cm 300 $aSegue: Appendice legislativa 700 1$aMerz$b, Sandro$3AF00004031$4070$0231107 702 1$aBellinello, Loreta$3SOBA00027943$4070 801 0$aIT$bUNISOB$c20230711$gRICA 850 $aUNISOB 852 $aUNISOB$j340$m108636 912 $aSOB008724 940 $aM 102 Monografia moderna SBN 941 $aM 957 $a340$b003474$gSI$d108636$rACQUISTO$1rovito$2UNISOB$3UNISOB$420230711074640.0$520230711074652.0$6rovito 996 $aManuale pratico delle notifiche in Italia e all'estero$9901487 997 $aUNISOB